[Event "Challenge"]
[Site "http://www.queenalice.com/game.php?id=1847104"]
[Date "2024.11.13"]
[Round "-"]
[White "steve_sharp"]
[Black "adsymil"]
[Result "0-1"]
[WhiteElo "1842"]
[BlackElo "2319"]

1. e4 c5 2. Bc4 Nc6 3. Nc3 e6 4. Nf3 Nf6 5. d3 Na5 6. Bb3 Nxb3 7. axb3 d6 8. O-O
Be7 9. Bd2 Nd7 10. Kh1 O-O 11. Qe2 b6 12. d4 cxd4 13. Nxd4 Bb7 14. f3 a6 15. Qf2
b5 16. Nde2 Rc8 17. Rac1 Ne5 18. Nf4 Bh4 19. g3 Be7 20. Be3 Qd7 21. Rfd1 Bc6 22.
Nd3 Nxd3 23. cxd3 b4 24. Ne2 d5 25. Nd4 Ba8 26. Qe2 Qb7 27. Kg1 Bf6 28. Qd2 a5
29. Ne2 Rcd8 30. Qc2 Qd7 31. Nf4 d4 32. Bf2 Rc8 33. Qb1 Rb8 34. Rc4 Bb7 35. Rdc1
Be5 36. Qc2 Ra8 37. Qd2 f5 38. Ne2 fxe4 39. fxe4 Ba6 40. Rc5 Bd6 41. Rxa5 e5 42.
Raa1 Qf7 43. Rf1 Qxb3 44. Nc1 Qe6 45. Kh1 Be7 46. Ne2 Rf6 47. Ng1 Raf8 48. Kg2
Qb3 49. Rad1 Qf7 50. Qe2 b3 51. Nh3 Bc8 52. Ng1 Bb4 53. Rc1 h5 54. Rc4 Bg4 0-1

[Event "Challenge"]
[Site "http://www.queenalice.com/game.php?id=1847471"]
[Date "2024.11.20"]
[Round "-"]
[White "steve_sharp"]
[Black "RAFAELI"]
[Result "0-1"]
[WhiteElo "1862"]
[BlackElo "1771"]

1. e4 e5 2. Bc4 Qe7 3. Nc3 c6 4. f4 b5 5. Bb3 exf4 6. Nf3 f6 7. d3 g5 8. O-O h5
9. Kh1 d6 10. Bd2 h4 11. Re1 h3 12. Re2 Bg4 13. Nd5 Qb7 14. Nc3 Qh7 15. Qf1 Nd7
16. Rf2 hxg2+ 17. Qxg2 Bxf3 18. Qxf3 Ne5 19. Qe2 f3 20. Qe1 Ng4 21. Qg1 Nxf2+
0-1

[Event "Challenge"]
[Site "http://www.queenalice.com/game.php?id=1853379"]
[Date "2025.3.6"]
[Round "-"]
[White "steve_sharp"]
[Black "adsymil"]
[Result "0-1"]
[WhiteElo "1838"]
[BlackElo "2321"]

1. e4 c5 2. Bc4 Nc6 3. a3 Nf6 4. d3 b6 5. f3 Bb7 6. Nc3 e6 7. Nge2 Bd6 8. Bf4
Be7 9. O-O O-O 10. Qd2 d5 11. exd5 exd5 12. Ba2 Re8 13. Rae1 Rc8 14. Nd1 Nh5 15.
Be3 Bf6 16. c3 d4 17. Bf2 Bg5 18. Qc2 Ne5 19. Bg3 Nxg3 20. Nxg3 Bf4 21. Ne4 Ba6
22. c4 Bb7 23. Bb1 Re6 24. Ndf2 Be3 25. Kh1 f5 26. Ng3 Nxf3 27. gxf3 Bxf3+ 28.
Kg1 f4 0-1

[Event "Challenge"]
[Site "http://www.queenalice.com/game.php?id=1854659"]
[Date "2025.3.27"]
[Round "-"]
[White "EdsonEstevam"]
[Black "steve_sharp"]
[Result "0-1"]
[WhiteElo "1723"]
[BlackElo "1836"]

1. e4 d5 2. exd5 Qxd5 3. Nc3 Qa5 4. d4 c6 5. Nf3 Nf6 6. Bc4 Bf5 7. O-O e6 8. a3
Bd6 9. Bd2 Qc7 10. h3 h6 11. Re1 Nbd7 12. b4 O-O-O 13. Be3 Kb8 14. a4 Bxb4 15.
Bd2 Nb6 16. Be2 Nbd5 17. Nxd5 Nxd5 18. Rb1 Qa5 19. Bxb4 Nxb4 20. c3 Bxb1 21.
Qxb1 Nd5 22. Ne5 Qc7 23. a5 Nxc3 24. Qb2 Nxe2+ 25. Qxe2 Rxd4 26. Rb1 Rhd8 27.
Nxf7 Qxf7 28. a6 R8d7 29. Qc2 Rd2 30. Rxb7+ Ka8 31. Qxd2 Rxb7 32. axb7+ Kxb7 33.
Qb4+ Kc7 34. Qa5+ Kc8 35. Qa6+ Qb7 36. Qc4 Qd7 37. f3 Qd5 38. Qg4 Qe5 39. g3 Kd7
40. Kg2 a5 41. Qc4 Kd6 42. f4 Qd5+ 43. Qxd5+ cxd5 0-1

[Event "Challenge"]
[Site "http://www.queenalice.com/game.php?id=1856431"]
[Date "2025.4.30"]
[Round "-"]
[White "adsymil"]
[Black "steve_sharp"]
[Result "1-0"]
[WhiteElo "2322"]
[BlackElo "1871"]

1. d4 d5 2. Nf3 Nf6 3. e3 Nc6 4. c4 Bf5 5. Nc3 e6 6. Be2 Nb4 7. O-O Nc2 8. cxd5
Nxa1 9. Bb5+ Nd7 10. Ne5 c6 11. dxc6 bxc6 12. Bxc6 Bd6 13. Bxd7+ Kf8 14. Bc6 Rc8
15. Bd7 Rc7 16. Ba4 Bxe5 17. dxe5 Ke7 18. e4 Bg6 19. Bg5+ f6 20. Bf4 Rb7 21.
Qxa1 Qb6 22. Bb3 Rd8 23. exf6+ gxf6 24. Qc1 Rbd7 25. Be3 Qb7 26. e5 f5 27. Bg5+
Kf7 28. Bxd8 Rxd8 29. Ne2 Qb8 30. Qg5 Kg8 31. Bxe6+ Kg7 32. Qf6+ Kh6 33. Ng3 1-0

[Event "Challenge"]
[Site "http://www.queenalice.com/game.php?id=1856432"]
[Date "2025.4.30"]
[Round "-"]
[White "steve_sharp"]
[Black "adsymil"]
[Result "0-1"]
[WhiteElo "1869"]
[BlackElo "2323"]

1. e4 c5 2. f4 Nc6 3. Nf3 e6 4. Nc3 Nge7 5. Bc4 b6 6. O-O Na5 7. Be2 Bb7 8. d3
Nac6 9. Be3 g6 10. Qd2 Bg7 11. a3 O-O 12. Rae1 d5 13. Nd1 Qc7 14. e5 d4 15. Bf2
Bh6 16. Bg3 Nf5 17. Bf2 Nxe5 18. Nxe5 Qxe5 19. Bf3 Qb8 20. Bxb7 Bxf4 21. Qe2
Qxb7 22. Qg4 Qc7 23. Qh3 Rae8 24. g3 Bg5 25. Qg2 h5 26. Kh1 Kg7 27. b3 Rh8 28.
Qe4 Bf6 29. Re2 Qd7 30. Bg1 e5 31. Nf2 Ne3 32. Rfe1 Bg5 33. Nd1 Ng4 34. Nb2 h4
35. Qf3 hxg3 36. Qxg3 Bf4 37. Qf3 Rh4 38. Rg2 Reh8 39. Ree2 Qf5 40. Nc4 Qh5 41.
Nd2 Qf5 42. Nf1 R8h6 43. Ng3 Qd7 44. Nf1 Rh3 45. Ng3 Qc8 46. a4 R6h4 47. Bf2
Nxh2 48. Rxh2 Rxh2+ 49. Kg1 Qh3 0-1

[Event "Challenge"]
[Site "http://www.queenalice.com/game.php?id=1856530"]
[Date "2025.4.30"]
[Round "-"]
[White "steve_sharp"]
[Black "EdsonEstevam"]
[Result "1-0"]
[WhiteElo "1847"]
[BlackElo "1732"]

1. e4 e5 2. Bc4 Nf6 3. Nc3 Bb4 4. d3 Bxc3+ 5. bxc3 O-O 6. f4 exf4 7. Nf3 h6 8.
Bxf4 d6 9. Qd2 c6 10. O-O-O Kh7 11. h3 b5 12. Bb3 Na6 13. g4 g5 14. Bxg5 hxg5
15. Nxg5+ Kg7 16. Nxf7 Rxf7 17. Qg5+ Kh7 18. Bxf7 Qf8 19. Bg6+ Kh8 20. Rdf1 Qg7
21. Rxf6 Bd7 22. Qh5+ Kg8 23. Rf7 Qxf7 24. Bxf7+ 1-0

[Event "Challenge"]
[Site "http://www.queenalice.com/game.php?id=1857951"]
[Date "2025.5.26"]
[Round "-"]
[White "EdsonEstevam"]
[Black "steve_sharp"]
[Result "0-1"]
[WhiteElo "1774"]
[BlackElo "1858"]

1. e4 d5 2. exd5 Qxd5 3. Nc3 Qa5 4. d4 c6 5. Nf3 Nf6 6. Bd2 Qc7 7. Bc4 Bf5 8.
O-O e6 9. Be3 Bd6 10. h3 h6 11. Ne2 Nbd7 12. Qd2 Ne4 13. Qd1 Nb6 14. Re1 Nxc4
15. Rb1 Nxe3 16. fxe3 O-O-O 17. Nc3 Bg3 18. Rf1 Bf2+ 19. Rxf2 Nxf2 20. Kxf2 g5
21. g4 Bh7 22. Qf1 f6 23. Qe2 Bg6 24. Ke1 Qg3+ 25. Kd2 e5 26. Rg1 Qxh3 27. Kc1
Rhe8 28. Kb1 exd4 29. Nd1 d3 30. cxd3 Bxd3+ 0-1

[Event "Let's Play Chess!"]
[Site "http://www.queenalice.com/game.php?id=1859967"]
[Date "2025.7.19"]
[Round "-"]
[White "steve_sharp"]
[Black "igor12345"]
[Result "1-0"]
[WhiteElo "1888"]
[BlackElo "1926"]

1. e4 c5 2. Bc4 Nc6 3. a3 Nf6 4. d3 h6 5. c3 d6 6. f4 Bg4 7. Nf3 e6 8. O-O Be7
9. Kh1 a6 10. Be3 O-O 11. Nbd2 Bh5 12. Qc2 d5 13. exd5 exd5 14. Ba2 Ng4 15. Bg1
Qd6 16. Rae1 Bg6 17. Bb1 c4 18. Qd1 cxd3 19. Nd4 Nf6 20. N2f3 Rfe8 21. Bxd3 Bxd3
22. Qxd3 b5 23. Nf5 Qd7 24. N3d4 Ne4 25. Ng3 Bh4 26. Ndf5 Nxg3+ 27. Nxg3 Re7 28.
Rxe7 Nxe7 29. Ne4 Nf5 30. Nc5 Qc8 31. Qxd5 Ne7 32. Qh5 Bf6 33. Ne4 Qf5 34. Qxf5
Nxf5 35. Nxf6+ gxf6 36. g4 Nd6 37. Bd4 f5 38. Be5 Nc4 39. gxf5 Kh7 40. Rg1 Rg8
41. Rb1 Re8 42. Bd4 Re4 43. Kg2 Rxf4 44. f6 Kg6 45. Kg3 Kg5 46. Re1 1-0

[Event "AUTO-ADV-4878"]
[Site "http://www.queenalice.com/game.php?id=1860372"]
[Date "2025.7.22"]
[Round "1"]
[White "carlitomontana93270"]
[Black "steve_sharp"]
[Result "0-1"]
[WhiteElo "1760"]
[BlackElo "1915"]

1. c4 d5 2. cxd5 Qxd5 3. Nc3 Qa5 4. g3 c6 5. Bg2 Nf6 6. Nf3 Bf5 7. O-O e6 8. a3
Bd6 9. b4 Bxb4 10. Bb2 Bd6 11. d3 Nbd7 12. e4 Bg4 13. d4 e5 14. dxe5 Bxe5 15.
Rc1 Rd8 16. Qc2 O-O 17. Nxe5 Nxe5 18. f3 Be6 19. Ne2 Rd2 20. Qb1 Rxe2 21. Bxe5
Qxe5 22. f4 Qd4+ 23. Kh1 Nxe4 24. h3 Nxg3+ 25. Kh2 Nxf1+ 26. Rxf1 Bd5 27. Rg1
Qxf4+ 28. Kh1 Bxg2+ 29. Rxg2 Qe4 30. Qg1 Re1 0-1

[Event "AUTO-ADV-4878"]
[Site "http://www.queenalice.com/game.php?id=1860373"]
[Date "2025.7.22"]
[Round "1"]
[White "steve_sharp"]
[Black "carlitomontana93270"]
[Result "1-0"]
[WhiteElo "1904"]
[BlackElo "1771"]

1. e4 c5 2. Bc4 e6 3. a3 d6 4. d3 g6 5. f4 Bg7 6. Nf3 Nf6 7. O-O O-O 8. Kh1 a6
9. Be3 b5 10. Ba2 Nc6 11. Nbd2 Ng4 12. Bg1 Bxb2 13. Rb1 Bg7 14. Qe2 Bd7 15. Ng5
Nf6 16. e5 dxe5 17. fxe5 Nd5 18. Ngf3 Nf4 19. Qe4 Nd5 20. Bxd5 exd5 21. Qxd5 Qe7
22. Bxc5 Qd8 23. Bxf8 Qxf8 24. Qxd7 Nxe5 25. Qd5 Nxf3 26. Rxf3 Bc3 27. Ne4 Bg7
28. Rbf1 Ra7 29. Ng5 Re7 30. Nxf7 1-0

[Event "AUTO-ADV-4878"]
[Site "http://www.queenalice.com/game.php?id=1860390"]
[Date "2025.7.22"]
[Round "1"]
[White "steve_sharp"]
[Black "fbenevides2019"]
[Result "0-1"]
[WhiteElo "1867"]
[BlackElo "1884"]

1. e4 e5 2. Bc4 Nf6 3. Nc3 a6 4. f4 exf4 5. Nf3 h6 6. d4 d6 7. Bxf4 Qe7 8. O-O
Bg4 9. Qd2 Bxf3 10. gxf3 Nbd7 11. Kh1 Nb6 12. Bb3 O-O-O 13. Rad1 g5 14. Bg3 Qd7
15. e5 dxe5 16. Bxe5 Bg7 17. Qg2 Rhg8 18. Ne4 Nxe4 19. fxe4 Rdf8 20. Qg3 Bxe5
21. Qxe5 Kb8 22. Rf6 Rg6 23. Rdf1 Rxf6 24. Rxf6 Ka7 25. Qc5 Qd8 26. Rxf7 Rxf7
27. Bxf7 Qf6 28. Bc4 Kb8 29. Bd3 Na4 30. Qb4 Nb6 31. Kg2 g4 32. c3 Qf3+ 33. Kg1
Qxd3 34. Qf8+ Ka7 35. e5 Qb1+ 36. Kg2 Qxb2+ 37. Kg1 Qxa2 38. Qf2 Qxf2+ 39. Kxf2
a5 40. Ke3 a4 41. Kd3 Ka6 42. Kc2 Nc8 43. c4 c6 44. e6 b5 45. Kc3 h5 0-1

[Event "AUTO-ADV-4878"]
[Site "http://www.queenalice.com/game.php?id=1860391"]
[Date "2025.7.22"]
[Round "1"]
[White "fbenevides2019"]
[Black "steve_sharp"]
[Result "0-1"]
[WhiteElo "1911"]
[BlackElo "1850"]

1. d4 d5 2. Nc3 Nf6 3. h3 Bf5 4. Nf3 c6 5. e3 e6 6. a3 Qc7 7. Ne2 Bd6 8. b4 Nbd7
9. c3 O-O-O 10. a4 Nb6 11. Nd2 Kb8 12. a5 Nc8 13. Qa4 Ka8 14. Nf3 h6 15. b5 cxb5
16. Qxb5 Qc6 17. Qxc6 bxc6 18. Bd2 Ne7 19. g4 Be4 20. Bg2 Rb8 21. O-O Bd3 22.
Rfe1 Rb2 23. Nc1 Be4 24. Re2 Rhb8 25. Ne5 Bxg2 26. Kxg2 Bxe5 27. dxe5 Nd7 28.
Nd3 R2b5 29. f4 f6 30. exf6 Nxf6 31. Ne5 Ne4 32. a6 Rb2 33. Nf3 Nxc3 34. Rf2 Ne4
35. Re2 c5 36. h4 c4 37. Ra3 c3 38. Kf1 Ng3+ 39. Kf2 Nxe2 40. Kxe2 cxd2 41. Nxd2
Nc8 42. Kd3 Nd6 43. Nf3 R2b3+ 44. Rxb3 Rxb3+ 45. Kd4 Nc4 46. Ne5 Rxe3 47. Nxc4
Re4+ 48. Kc5 Rxc4+ 49. Kd6 Re4 50. Ke7 d4 0-1

[Event "AUTO-ADV-4878"]
[Site "http://www.queenalice.com/game.php?id=1860392"]
[Date "2025.7.22"]
[Round "1"]
[White "steve_sharp"]
[Black "BobFicha"]
[Result "1-0"]
[WhiteElo "1868"]
[BlackElo "1961"]

1. e4 e5 2. Bc4 Nf6 3. Nc3 c6 4. f4 exf4 5. Nf3 d5 6. exd5 cxd5 7. Bb3 Bb4 8. d4
Bxc3+ 9. bxc3 Qe7+ 10. Ne5 g5 11. O-O Be6 12. a4 Qc7 13. Bb2 Nc6 14. Nf3 h6 15.
Qe2 O-O-O 16. Ne5 Nxe5 17. dxe5 Nd7 18. Rfe1 Rhe8 19. a5 a6 20. Red1 Nc5 21. Ba3
Nd7 22. c4 dxc4 23. Bd6 Qc6 24. Ba4 b5 25. axb6 Qxb6+ 26. Kh1 Rg8 27. Qe4 Qa7
28. Qc6+ 1-0

[Event "AUTO-ADV-4878"]
[Site "http://www.queenalice.com/game.php?id=1860393"]
[Date "2025.7.22"]
[Round "1"]
[White "BobFicha"]
[Black "steve_sharp"]
[Result "0-1"]
[WhiteElo "1914"]
[BlackElo "1921"]

1. e4 d5 2. exd5 Qxd5 3. Nc3 Qa5 4. Qf3 c6 5. Bc4 Nf6 6. h3 Bf5 7. Bd3 Bg6 8.
Bxg6 hxg6 9. d4 e6 10. Bd2 Qb4 11. O-O-O Qxd4 12. Bg5 Qe5 13. h4 Nbd7 14. Bf4
Qa5 15. Nge2 O-O-O 16. Nd4 e5 17. Nb3 Qc7 18. Be3 Kb8 19. Bg5 Be7 20. g3 Nb6 21.
Nd2 Nfd5 22. Bxe7 Qxe7 23. Rhe1 f6 24. Nde4 Qb4 25. a3 Qa5 26. Ne2 Nc4 27. N4c3
Nxa3 28. bxa3 Qxa3+ 29. Kb1 b5 30. Rd3 Qb4+ 31. Kc1 Qa3+ 32. Kb1 Nb4 33. Rxd8+
Rxd8 34. Rc1 Na2 35. Re1 b4 36. Qxc6 Nxc3+ 37. Nxc3 Qxc3 38. Qxc3 bxc3 39. Re3
Rc8 40. Ka2 Rc5 41. Kb3 Kb7 42. Rxc3 Kb6 43. Rd3 Kc7 44. c4 a5 45. Rc3 Kd6 46.
Rd3+ Ke7 47. f3 f5 48. Rc3 Kd6 49. Rd3+ Ke7 50. Rd1 e4 51. fxe4 fxe4 52. Re1 Re5
53. Ka4 Kd6 54. Rd1+ Kc6 55. Rc1 e3 56. Re1 e2 57. c5 Kxc5 58. Kxa5 Kc4+ 0-1

[Event "Challenge"]
[Site "http://www.queenalice.com/game.php?id=1861259"]
[Date "2025.8.7"]
[Round "-"]
[White "adsymil"]
[Black "steve_sharp"]
[Result "1-0"]
[WhiteElo "2325"]
[BlackElo "1906"]

1. d4 d5 2. Nf3 Nf6 3. e3 Bf5 4. c4 e6 5. Nc3 c6 6. Nh4 Bg6 7. Nxg6 hxg6 8. Bd2
Nbd7 9. Bd3 dxc4 10. Bxc4 Nb6 11. Bb3 Qc7 12. h3 O-O-O 13. Rc1 Kb8 14. Qf3 Bd6
15. e4 Nh5 16. Nb5 Qe7 17. Nxd6 Rxd6 18. Bb4 Qd7 19. Bxd6+ Qxd6 20. Rd1 Rf8 21.
O-O Nd7 22. e5 Qe7 23. Rd3 f6 24. Qe3 fxe5 25. g3 exd4 26. Rxd4 e5 27. Rfd1 Nhf6
28. R4d2 Kc8 29. Qg5 Nc5 30. Bc2 Kb8 31. Bxg6 Nce4 32. Bxe4 Nd5 33. Qh5 Nf6 34.
Qf3 Qc5 35. Rd6 Kc7 36. Qb3 Nd5 37. R6xd5 cxd5 38. Qxd5 Qc6 39. Qxe5+ 1-0

[Event "Challenge"]
[Site "http://www.queenalice.com/game.php?id=1861260"]
[Date "2025.8.7"]
[Round "-"]
[White "steve_sharp"]
[Black "adsymil"]
[Result "0-1"]
[WhiteElo "1852"]
[BlackElo "2324"]

1. e4 c5 2. f4 Nc6 3. Nf3 e6 4. a3 d5 5. Bb5 Ne7 6. e5 a6 7. Ba4 b5 8. Bb3 Nf5
9. O-O Bb7 10. c3 d4 11. d3 dxc3 12. bxc3 c4 13. Bc2 Bc5+ 14. d4 Ncxd4 15. cxd4
Bxf3 16. Qxf3 Nxd4 17. Qd1 Nxc2+ 18. Kh1 Nxa1 19. Nc3 O-O 20. Bb2 Nb3 21. Ne4
Bb6 22. Qg4 Nd2 23. Rd1 Qd3 24. Nxd2 Rfd8 25. Qf3 Be3 0-1

[Event "Ah , , ,"]
[Site "http://www.queenalice.com/game.php?id=1864485"]
[Date "2025.10.19"]
[Round "-"]
[White "steve_sharp"]
[Black "adsymil"]
[Result "0-1"]
[WhiteElo "1925"]
[BlackElo "2348"]

1. e4 e5 2. Bc4 Nf6 3. Nc3 Bc5 4. d3 O-O 5. Nf3 d6 6. O-O c6 7. a3 h6 8. Kh1 a5
9. Ng1 Ng4 10. Nh3 Qh4 11. Qe2 b5 12. Ba2 Nf6 13. Ng1 Ng4 14. Nh3 Nf6 15. Qf3
Nh5 16. Qe2 Bg4 17. f3 Bxh3 18. gxh3 Qxh3 19. Qg2 Ng3+ 0-1

[Event ". . . ha!"]
[Site "http://www.queenalice.com/game.php?id=1864486"]
[Date "2025.10.19"]
[Round "-"]
[White "adsymil"]
[Black "steve_sharp"]
[Result "1-0"]
[WhiteElo "2350"]
[BlackElo "1923"]

1. d4 d5 2. Nf3 Nf6 3. e3 Bf5 4. c4 dxc4 5. Bxc4 e6 6. Nc3 c6 7. O-O Be7 8. Nh4
Bg4 9. f3 Bh5 10. g4 Bg6 11. g5 Nd5 12. f4 Nd7 13. Qf3 N7b6 14. Bb3 f6 15. Qh3
Bf7 16. e4 Nb4 17. Be3 Qd7 18. f5 exf5 19. Bxf7+ Kxf7 20. Nxf5 Kf8 21. Qg3 Nc2
22. gxf6 Bxf6 23. e5 Nxe3 24. Qxe3 Nd5 25. Nxd5 Re8 26. Nxf6 gxf6 27. Qh6+ Kf7
28. Qxf6+ Kg8 29. Nh6# 1-0

[Event "Challenge"]
[Site "http://www.queenalice.com/game.php?id=1865923"]
[Date "2025.11.20"]
[Round "-"]
[White "adsymil"]
[Black "steve_sharp"]
[Result "1-0"]
[WhiteElo "2353"]
[BlackElo "1937"]

1. d4 d5 2. Nf3 Nf6 3. c4 c6 4. Nc3 Bf5 5. Nh4 Bg4 6. h3 Bh5 7. Bf4 e6 8. Qb3 b6
9. e3 Bd6 10. Bxd6 Qxd6 11. Rc1 Nbd7 12. cxd5 Nxd5 13. Nxd5 cxd5 14. Bb5 O-O 15.
O-O Nf6 16. Rc6 Qe7 17. Rfc1 Ne4 18. g3 Nd2 19. Qc2 Ne4 20. Bd3 f5 21. Ng2 Ng5
22. Nf4 Be8 23. Rc7 Qf6 24. Ba6 Ne4 25. Bc8 e5 26. Nxd5 Qg5 27. dxe5 Nxg3 28.
fxg3 Qxg3+ 29. Qg2 Qxe5 30. Re7 Qd6 31. Qxg7# 1-0